000 01060nam a22003497a 4500
001 BR2013005404
003 BR-BrBNA
005 20230928104216.0
007 ta
008 230509b bl.||||| |||| 00| 0 por d
040 _aBR-BrBNA
_bpor
_cBiblioteca Nacional de Agricultura
041 _a(Por)
072 _aF30; Q04
_b0940
_b3568
090 _ 0940 BR2013005404
100 1 _aMiotto, L.C.V.
110 1 _aUniversidade Federal de Lavras, MG (Brasil)
_0Tese (Mestrado)
245 1 _aAvaliação agronômica de clones de videira cultivar Bordô (Vitis labrusca L.)no sul de Minas Gerais
260 3 _aLavras, MG (Brasil):
_c2012.
300 _a78 p.
500 _aSummaries (Eng, Por); Bibliography p. 70-78; 11 tables; 9 illus.
650 _aUVA
650 _aVITIS LABRUSCA
650 _aVARIEDADE
650 _aSUCO
650 _aCLONE
650 _aCARACTERÍSTICAS AGRONÔMICAS
650 _aPRODUTIVIDADE
650 _aQUALIDADE
650 _aPROPRIEDADE FÍSICO-QUÍMICA
909 _a202309
_bLucia
_c55
_dLucia Elande
942 _cBK
999 _c78697
_d78697